| 000 | 01056nam0a22002771 4500 | ||
|---|---|---|---|
| 001 | rc\3029692 | ||
| 005 | 20250806201624.0 | ||
| 035 | _a(NLR Aleph) 007170691 | ||
| 090 |
_a44951 _c44951 |
||
| 100 | _a20110930d1944 u y0rusy50 ca | ||
| 101 | 0 | _arus | |
| 102 | _aRU | ||
| 105 | _aa z ||||| | ||
| 200 | 1 |
_aИщите каучуконосные растения _fА. Прокофьев _gУпр. нач. и сред. школ НКП РСФСР. Центр. дет. экскурс.-турист. станция НКП РСФСР |
|
| 210 |
_a[Москва] _cНаркомпрос РСФСР _d1944 |
||
| 215 |
_a8 с. _cил. _d20 см |
||
| 300 | _aБез обл. | ||
| 700 | 1 |
_aПрокофьев _bА. А. _cд-р биол. наук _f1906-1985 _gАлександр Аркадьевич _3RU\NLR\AUTH\770255990 |
|
| 801 | 0 |
_aRU _bNLR _gpsbo |
|
| 801 | 1 |
_aRU _bELAR _2rusmarc |
|
| 852 |
_aNLR _jДл02 Г-4/174 |
||
| 942 | _cBOOK | ||
| 945 | _aРоссийская национальная библиотека | ||
| 980 | _aNB | ||
| 980 | _aBV | ||